000
00265nam a22001217a 4500
003
SGT
082
_a
200
_b
M11A
100
_a
ALI, ASGHAR
245
_a
MAKING SENSE OF AYODHYA VERDICT
260
_b
VITASTA PUB. PVT. LTD.
_c
2011
300
_a
246
942
_2
ddc
_c
BK
999
_c
31918
_d
31918